| 000 | 00914nas a2200277 4500 | ||
|---|---|---|---|
| 001 | BR0400538 | ||
| 003 | BR-BrBNA | ||
| 005 | 20231205104258.0 | ||
| 007 | ta | ||
| 008 | 230509b bl.|||p| |||| 00| 00por d | ||
| 040 |
_aBR-BrBNA _bpor _cBiblioteca Nacional de Agricultura |
||
| 041 | _a(Pt) | ||
| 072 | _aH10 | ||
| 100 | 1 | _aCeruti, F.C. | |
| 100 | 1 | _aLázzari, S.M.N. | |
| 245 | 1 | _aUtilização de bioensaios e marcadores para detecção da resistência de coleópteros de produtos armazenados a inseticidas | |
| 650 | _aCOLEOPTERO | ||
| 650 | _aRESISTÊNCIA A PRODUTOS QUÍMICOS | ||
| 650 | _aMARCADOR MOLECULAR | ||
| 650 | _aCONTROLE BIOLÓGICO | ||
| 650 | _aPRODUTO ARMAZENADO | ||
| 650 | _aINSETICIDA | ||
| 773 | 0 |
_tRevista Brasileira de Entomologia (Brazil) _xISSN 0085-5626 _g(Jul-Sep 2003), v. 47(3) p. 447-453 _wBR0400538 |
|
| 909 |
_a202311 _bLúcia _c55 _dLúcia Elande |
||
| 942 |
_2AGRIS _n0 _cANA |
||
| 999 |
_c177329 _d177329 |
||